| 000 | 01906nam0a2200373 4500 | ||
|---|---|---|---|
| 001 | RU\NLR\bibl\1330220 | ||
| 005 | 20250615163554.0 | ||
| 010 |
_a978-5-16-003492-8 _91700 |
||
| 021 |
_aRU _b2008-99842 _95870 |
||
| 035 | _a(nilc)EL/0000231296 | ||
| 035 | _aROSTOV\BIBL\0000117732 | ||
| 035 | _aRSL-KNO-004159278 | ||
| 035 | _a(NLR Aleph) 001315457 | ||
| 090 |
_a706218 _c706218 |
||
| 100 | _a20081124d2008 |||y0rusy50 ca | ||
| 101 | 0 | _arus | |
| 102 | _aRU | ||
| 105 | _ay ||||||||| | ||
| 106 | _ar | ||
| 200 | 1 |
_aКвалификационный справочник должностей руководителей, специалистов и других служащих _e[с изменениями от 21 января 2000 года № 7, от 4 августа 2000 года № 57, от 20 апреля 2001 года № 35, от 31 мая 2002 года № 38, от 20 июня 2002 года № 44, от 12 ноября 2003 года № 75, от 25 июля 2005 года № 461, от 7 ноября 2006 года № 749, от 17 сентября 2007 года № 605, от 29 апреля 2008 года № 200] |
|
| 210 |
_aМосква _cИНФРА-М _d2008 |
||
| 215 |
_a331 с. _d21 |
||
| 225 | 1 |
_aБиблиотека журнала "Трудовое право Российской Федерации" _vвып. 8 (164) |
|
| 606 | 1 |
_aСлужащие _jКвалификационно-тарифные справочники _xДолжности _yРоссийская Федерация _92142945 _3RU\NLR\auth\661291391 |
|
| 686 |
_aУ9(2)240.3я2 _2rubbk |
||
| 686 | _aУ24(2)920.12я27 | ||
| 686 | _aУ24(2)56я27 | ||
| 801 | 0 |
_aRU _bДонская ГПБ _c20081124 _grcr |
|
| 801 | 1 |
_aRU _bДонская ГПБ _c20081124 _2rusmarc |
|
| 801 | 2 |
_aRU _bNLR _c20090217 _grcr |
|
| 830 | _aБиблиограф Гаврилова | ||
| 942 | _cBOOK | ||
| 980 | _aNB | ||